Слово для "леса" и "мира" одно: пер. с англ.; Мир Роканнона; Безмернее и медленней империй; Планета изгнания

Xehetasun bibliografikoak
Egile nagusia: Ле Гуин У. Урсула
Hizkuntza:errusiera
Argitaratua: Москва, АСТ, 1992
Copublished:. Мир Роканнона; . Безмернее и медленней империй; . Планета изгнания
Saila:Современная фантастика
Координаты Чудес
Gaiak:
Formatua: MixedMaterials Liburua
KOHA link:https://koha.lib.tpu.ru/cgi-bin/koha/opac-detail.pl?biblionumber=82054

MARC

LEADER 00000nam0a2200000 4500
001 82054
005 20231031095515.0
010 |a 5881960432 
035 |a (RuTPU)RU\TPU\book\88183 
090 |a 82054 
100 |a 20050927d1992 m y0rusy50 ca 
101 1 |a rus  |c eng 
102 |a RU 
105 |a y z 000ay 
200 1 |a Слово для "леса" и "мира" одно  |e пер. с англ.  |f У. Ле Гуин 
210 |a Москва  |c АСТ  |d 1992 
215 |a 383 с. 
225 1 |a Современная фантастика 
225 1 |a Координаты Чудес  |e первая книга новой серии 
423 |t Мир Роканнона 
423 |t Безмернее и медленней империй 
423 |t Планета изгнания 
610 1 |a фантастика 
610 1 |a американская литература 
675 |a 82  |v 3 
700 1 |a Ле Гуин  |b У.  |g Урсула 
801 1 |a RU  |b 63413507  |c 20050927  |g PSBO 
942 |c BK